Delito de trata de personas /
Guardado en:
| Autor Principal: | |
|---|---|
| Otros Autores: | |
| Formato: | Desconocido |
| Idioma: | Spanish |
| Publicado: |
Buenos Aires :
Hammurabi,
2017
|
| Edición: | 1a. ed. |
| Series: | Delitos de competencia federal, penal económico y tributario ;
6 |
| Materias: | |
| Etiquetas: |
Agregar Etiqueta
Sin Etiquetas, Sea el primero en etiquetar este registro!
|
| LEADER | 01241nac a22002535a 4500 | ||
|---|---|---|---|
| 001 | DER.der013536 | ||
| 008 | 180615s2017####ag#||||||||||||||#||spa|| | ||
| 005 | 20250717144328.0 | ||
| 245 | 1 | 0 | |a Delito de trata de personas / |c Zullini Fellini y Carolina Morales Deganut con la colaboración de Maia Anush Ravicovich. |
| 250 | |a 1a. ed. | ||
| 260 | |a Buenos Aires : |b Hammurabi, |c 2017 | ||
| 300 | |a 285 p. | ||
| 490 | 1 | |a Delitos de competencia federal, penal económico y tributario ; |v 6 | |
| 500 | |a Bienes protegidos: dignidad, honor, identidad, estado civil, libertad, integridad sexual, salud psicofísica. Sujetos. Acciones típicas. Consentimiento de la víctima. Agravantes. Explotación laboral: servidumbre, esclavitud, trabajo forzado. Explotación sexual: prostitución, pornografía, matrimonio forzado. Extracción de órganos. Trata de niños: la entrega y la mal llamada <adopción ilegal>. | ||
| 020 | |a 9789507418105 | ||
| 100 | 1 | |a Fellini, Zullini | |
| 700 | 1 | |a Morales Deganut, Carolina | |
| 700 | 1 | |a Ravicovich, Maia Anush, |e col. | |
| 650 | 7 | |a DERECHO PENAL | |
| 653 | |a EXPLOTACION SEXUAL | ||
| 653 | |a TRATA DE NINOS | ||
| 653 | |a TRABAJO FORZADO | ||
| 653 | |a INTEGRIDAD SEXUAL | ||
| 859 | |a DERECHO |b BIB. DERECHO |h 345 |i FEL |p 008531 | ||
